Matrix /
Guardado en:
| Autor Principal: | |
|---|---|
| Otros Autores: | |
| Formato: | Libro |
| Idioma: | English |
| Publicado: |
Reading, Mass. :
Addison-Wesley Pub. Co.,
c1977.
|
| Series: | Addison-Wesley series on organization development
|
| Materias: | |
| Etiquetas: |
Agregar Etiqueta
Sin Etiquetas, Sea el primero en etiquetar este registro!
|
| LEADER | 00814nam a22002295a 4500 | ||
|---|---|---|---|
| 001 | EIQ.libpla001543 | ||
| 008 | 780228s1977####maua#####b####000#0#eng#d | ||
| 005 | 20061103185512.0 | ||
| 245 | 1 | 0 | |a Matrix / |c Stanley M. Davis, Paul R. Lawrence ; in collaboration with Harvey Kolodny and Michael Beer. |
| 260 | |a Reading, Mass. : |b Addison-Wesley Pub. Co., |c c1977. | ||
| 300 | |a xvii, 235 p. : |b il. ; |c 21 cm. | ||
| 490 | 0 | |a Addison-Wesley series on organization development | |
| 504 | |a Bibliografía: p. 233-235. | ||
| 020 | |a 0201011158 | ||
| 100 | 1 | |a Davis, Stanley M. | |
| 700 | 1 | |a Lawrence, Paul R. | |
| 082 | 0 | 0 | |a 658.4/02 |
| 650 | 4 | |a Organización matrix |x Teoría. | |
| 650 | 4 | |a Matrix organization |x Theory. | |
| 010 | |a 77081192 | ||
| 040 | |a DLC |c DLC |d AR-BbSID | ||
| 859 | |a AR-BbSID |b BIB. PLAPIQUI |h 658.402 |i D 27 |p 1310 | ||
